[Event "34th European Club Cup 2018"]
[Site "Halkidiki"]
[Date "2018.10.18"]
[Round "7"]
[White "Marino, Danilo"]
[Black "Boland, Dylan"]
[Result "1-0"]
[WhiteElo "1991"]
[BlackElo "1830"]
[Annotator "NA"]
[PlyCount "93"]
[EventDate "2018.10.12"]
[EventType "team-tourn"]
[EventCountry "GRE"]
[SourceTitle "playchess.com"]
[Source "ChessBase"]
[SourceQuality "1"]
[WhiteTeam "Lazio ASD"]
[BlackTeam "St Benildus"]

1. e4 e5 2. f4 d5 3. exd5 exf4 4. Nf3 Nf6 5. Bb5+ Bd7 6. Bxd7+ Qxd7 7. Nc3 Nxd5 8. Nxd5 Qxd5 9. Qe2+ Be7 10. d4 Qd6 11. O-O O-O 12. Qe4 Nc6 13. Bxf4 Qd7 14. c3 Rfe8 15. Qc2 h6 16. Rad1 Bd6 17. Bxd6 Qxd6 18. Rfe1 Qf4 19. Qd2 Qxd2 20. Rxe8+ Rxe8 21. Rxd2 f6 22. Kf2 Kf7 23. b3 g5 24. h3 h5 25. d5 Ne7 26. g4 hxg4 27. hxg4 Rd8 28. c4 Ng6 29. Nd4 Nf4 30. Kg3 a6 31. Rh2 Rd7 32. Nf5 Kg8 33. Rh6 Rf7 34. Kf3 b5 35. Ke4 Rf8 36. Kd4 Ne2+ 37. Kc5 bxc4 38. bxc4 Nc3 39. Rg6+ Kh8 40. Rg7 Ne4+ 41. Kd4 Nd6 42. Rxc7 Nxf5+ 43. gxf5 g4 44. Ke3 Rg8 45. Kf2 g3+ 46. Kg2 Rg4 47. d6 1-0

[Event "34th European Club Cup 2018"]
[Site "Halkidiki"]
[Date "2018.10.18"]
[Round "7"]
[White "Freuler, Roman"]
[Black "Stern, Geoffrey"]
[Result "1/2-1/2"]
[WhiteElo "1981"]
[BlackElo "1993"]
[Annotator "NA"]
[PlyCount "60"]
[EventDate "2018.10.12"]
[EventType "team-tourn"]
[EventCountry "GRE"]
[SourceTitle "playchess.com"]
[Source "ChessBase"]
[SourceQuality "1"]
[WhiteTeam "Winterthur"]
[BlackTeam "Bonnevoie"]

1. e4 e6 2. d4 d5 3. e5 c5 4. c3 Nc6 5. Nf3 Bd7 6. a3 c4 7. Nbd2 Na5 8. Rb1 Ne7 9. Be2 Qc7 10. O-O Nc8 11. Ng5 Be7 12. f4 g6 13. Ndf3 h6 14. Nh3 Nb6 15. Qe1 Ba4 16. Bd1 Bxd1 17. Qxd1 O-O-O 18. Nf2 Kb8 19. Kh1 Qd7 20. Nd2 Rc8 21. Nf3 Qb5 22. Be3 Nb3 23. Qc2 Qd7 24. Rbe1 Rc6 25. Nd1 Nc8 26. Nd2 Rb6 27. Nf3 Bd8 28. Bf2 Ne7 29. Bh4 Rc6 30. Bf6 Rh7 1/2-1/2

[Event "34th European Club Cup 2018"]
[Site "Halkidiki"]
[Date "2018.10.18"]
[Round "7"]
[White "Hajra, Driton"]
[Black "Vozinaki, Anthi - Maria"]
[Result "0-1"]
[WhiteElo "1978"]
[BlackElo "2022"]
[Annotator "NA"]
[PlyCount "98"]
[EventDate "2018.10.12"]
[EventType "team-tourn"]
[EventCountry "GRE"]
[SourceTitle "playchess.com"]
[Source "ChessBase"]
[SourceQuality "1"]
[WhiteTeam "Drejtesia"]
[BlackTeam "Chania CA"]

1. e4 c5 2. Nf3 e6 3. d4 cxd4 4. Nxd4 Nf6 5. Bd3 Nc6 6. Nxc6 bxc6 7. c4 d5 8. Qa4 Bd7 9. e5 Ng4 10. Bf4 Qb6 11. O-O Qxb2 12. Qb3 Qd4 13. Bg3 Nxe5 14. Bxe5 Qxe5 15. Nd2 Rb8 16. Nf3 Qf4 17. Qc3 Be7 18. Qe5 Qxe5 19. Nxe5 Bf6 20. Nxd7 Kxd7 21. Rab1 Kd6 22. Rfc1 Bg5 23. Rd1 Kc5 24. cxd5 exd5 25. Kf1 Rb6 26. Bc2 Rhb8 27. Bb3 a5 28. Rb2 Rb4 29. Rc2+ Kd6 30. Bc4 Rb2 31. Rc3 Rb1 32. Rcd3 Rxd1+ 33. Rxd1 Rb4 34. Bb3 a4 35. Bc2 c5 36. Rd3 Rc4 37. Bd1 Bc1 38. Bf3 d4 39. Be4 Ke5 40. Bxh7 Bg5 41. Ra3 Rc1+ 42. Ke2 g6 43. g3 c4 44. f4+ Ke4 45. fxg5 d3+ 46. Kd2 Rc2+ 47. Kd1 Ke3 48. Bg8 Rxh2 49. Kc1 Ke2 0-1

[Event "34th European Club Cup 2018"]
[Site "Halkidiki"]
[Date "2018.10.18"]
[Round "7"]
[White "O`connor, Eddie"]
[Black "Peoples, Jonathon"]
[Result "1-0"]
[WhiteElo "1972"]
[BlackElo "1856"]
[Annotator "NA"]
[PlyCount "65"]
[EventDate "2018.10.12"]
[EventType "team-tourn"]
[EventCountry "GRE"]
[SourceTitle "playchess.com"]
[Source "ChessBase"]
[SourceQuality "1"]
[WhiteTeam "Dublin"]
[BlackTeam "Ballinasloe"]

1. e4 e6 2. d4 d5 3. Nc3 Nf6 4. Bg5 dxe4 5. Nxe4 Be7 6. Bxf6 gxf6 7. Nf3 f5 8. Ng3 c5 9. dxc5 Qa5+ 10. c3 Qxc5 11. Qd4 Qxd4 12. Nxd4 Bd7 13. Nb5 Bxb5 14. Bxb5+ Nd7 15. O-O-O O-O-O 16. Rxd7 Rxd7 17. Bxd7+ Kxd7 18. Ne2 e5 19. b4 Ke6 20. Rd1 b5 21. Kc2 Rd8 22. Rxd8 Bxd8 23. f3 h5 24. Kd3 Kd5 25. Ng3 f4 26. Nxh5 f5 27. Kc2 Bh4 28. Ng7 e4 29. Nxf5 exf3 30. gxf3 Bf6 31. Kd3 Ke5 32. Nd4 a6 33. Nc6+ 1-0

[Event "34th European Club Cup 2018"]
[Site "Halkidiki"]
[Date "2018.10.18"]
[Round "7"]
[White "Svendsen, Peter Willer"]
[Black "Tzagarakis, Panagiotis"]
[Result "0-1"]
[WhiteElo "1948"]
[BlackElo "1724"]
[Annotator "NA"]
[PlyCount "30"]
[EventDate "2018.10.12"]
[EventType "team-tourn"]
[EventCountry "GRE"]
[SourceTitle "playchess.com"]
[Source "ChessBase"]
[SourceQuality "1"]
[WhiteTeam "Hillerod"]
[BlackTeam "Chania CC"]

1. Nf3 Nf6 2. d4 c5 3. g3 e6 4. Bg2 Nc6 5. O-O d5 6. c4 dxc4 7. Qa4 Bd7 8. Qxc4 cxd4 9. Rd1 e5 10. Ng5 Qe7 11. e3 Rc8 12. a3 Ng4 13. exd4 Nxd4 14. Qd3 Bb5 15. Qe4 Ne2+ 0-1

[Event "34th European Club Cup 2018"]
[Site "Halkidiki"]
[Date "2018.10.18"]
[Round "7"]
[White "Sparwel, Oliver"]
[Black "Petersen, Steen"]
[Result "1-0"]
[WhiteElo "1940"]
[BlackElo "2131"]
[Annotator "NA"]
[PlyCount "83"]
[EventDate "2018.10.12"]
[EventType "team-tourn"]
[EventCountry "GRE"]
[SourceTitle "playchess.com"]
[Source "ChessBase"]
[SourceQuality "1"]
[WhiteTeam "Echternach"]
[BlackTeam "Bronshoj"]

1. d4 Nf6 2. Nf3 e6 3. c4 d5 4. Nc3 Be7 5. e3 O-O 6. Qc2 c5 7. dxc5 Bxc5 8. b3 Nc6 9. a3 a5 10. Bb2 Qe7 11. Bd3 dxc4 12. Bxc4 e5 13. O-O g6 14. Nd5 Nxd5 15. Bxd5 Bd6 16. Rfd1 Bf5 17. e4 Bg4 18. Qd3 Nd4 19. Nxd4 Bxd1 20. Qxd1 Kg7 21. Nb5 Bc5 22. Qe2 f6 23. Kh1 Rac8 24. a4 Bb4 25. Bc4 Rfd8 26. Nc3 Bxc3 27. Bxc3 Qc5 28. g3 Rc7 29. Rf1 h5 30. f4 h4 31. fxe5 fxe5 32. Qf3 Qd6 33. Bxa5 b6 34. Bc3 hxg3 35. Qxg3 Re8 36. Qg4 Qa3 37. Qg5 Qd6 38. Qd2 Qe7 39. Qf2 Qd6 40. Qf3 Rd8 41. Bb4 Qd4 42. Bf8+ 1-0

[Event "34th European Club Cup 2018"]
[Site "Halkidiki"]
[Date "2018.10.18"]
[Round "7"]
[White "Runarsson, Gunnar"]
[Black "Adams, Philip"]
[Result "1/2-1/2"]
[WhiteElo "1937"]
[BlackElo "1980"]
[Annotator "NA"]
[PlyCount "75"]
[EventDate "2018.10.12"]
[EventType "team-tourn"]
[EventCountry "GRE"]
[SourceTitle "playchess.com"]
[Source "ChessBase"]
[SourceQuality "1"]
[WhiteTeam "Viking CC"]
[BlackTeam "Oldham"]

1. b3 e5 2. Bb2 Nc6 3. Nf3 e4 4. Nd4 Nxd4 5. Bxd4 d5 6. g3 Nf6 7. Bg2 Be7 8. O-O O-O 9. d3 c5 10. Bb2 Re8 11. dxe4 Nxe4 12. Nd2 Bf6 13. Bxf6 Nxf6 14. e4 Bg4 15. f3 Bd7 16. c4 dxe4 17. Nxe4 Nxe4 18. fxe4 Bc6 19. Qxd8 Raxd8 20. Rad1 f6 21. Kf2 Kf7 22. Rxd8 Rxd8 23. Ke3 Rd4 24. g4 Ke6 25. h4 h6 26. g5 hxg5 27. hxg5 fxg5 28. Rf5 b6 29. Rxg5 Kf6 30. Rf5+ Ke7 31. Rg5 Kf6 32. Rf5+ Ke7 33. Rg5 Kf6 34. Rg3 Kf7 35. Rf3+ Ke7 36. Rg3 Kf7 37. Rf3+ Ke7 38. Rg3 1/2-1/2

[Event "34th European Club Cup 2018"]
[Site "Halkidiki"]
[Date "2018.10.18"]
[Round "7"]
[White "Healy, John"]
[Black "Bellincampi, Stefano"]
[Result "0-1"]
[WhiteElo "1919"]
[BlackElo "2078"]
[Annotator "NA"]
[PlyCount "72"]
[EventDate "2018.10.12"]
[EventType "team-tourn"]
[EventCountry "GRE"]
[SourceTitle "playchess.com"]
[Source "ChessBase"]
[SourceQuality "1"]
[WhiteTeam "St Benildus"]
[BlackTeam "Lazio ASD"]

1. c4 e6 2. g3 d5 3. Bg2 Nf6 4. Nf3 d4 5. O-O c5 6. d3 Bd6 7. Bg5 h6 8. Bxf6 Qxf6 9. Nbd2 O-O 10. Ne4 Qe7 11. e3 Nc6 12. exd4 cxd4 13. Nxd6 Qxd6 14. a3 a5 15. Re1 Re8 16. Qc2 e5 17. Re2 Bg4 18. h3 Bh5 19. g4 Bg6 20. Nd2 Re7 21. c5 Qc7 22. Rae1 f6 23. Ne4 Nd8 24. Nd6 Rb8 25. b4 axb4 26. axb4 Ne6 27. Bd5 Kh7 28. Bxe6 Rxe6 29. f4 Bf7 30. fxe5 fxe5 31. Rxe5 Rxd6 32. cxd6 Qxc2 33. Re7 Bd5 34. R1e2 Qd1+ 35. Kh2 Qxd3 36. d7 Rd8 0-1

[Event "34th European Club Cup 2018"]
[Site "Halkidiki"]
[Date "2018.10.18"]
[Round "7"]
[White "Andersen, Peter Vestergaard"]
[Black "Visse, Bernard"]
[Result "1-0"]
[WhiteElo "1902"]
[BlackElo "1778"]
[Annotator "NA"]
[PlyCount "49"]
[EventDate "2018.10.12"]
[EventType "team-tourn"]
[EventCountry "GRE"]
[SourceTitle "playchess.com"]
[Source "ChessBase"]
[SourceQuality "1"]
[WhiteTeam "Nordkalotten"]
[BlackTeam "Echiquier Amaytois"]

1. e4 c5 2. c3 g6 3. Nf3 Bg7 4. d4 cxd4 5. cxd4 d5 6. e5 Bg4 7. h3 Bxf3 8. Qxf3 Qb6 9. Qb3 Qxb3 10. axb3 e6 11. Nc3 Nc6 12. Nb5 Ke7 13. Be3 h5 14. Bd3 Bh6 15. Ke2 Bxe3 16. Kxe3 a6 17. Nd6 Rb8 18. Rhc1 Nh6 19. Nxb7 Nb4 20. Rc7+ Kf8 21. Nc5 Nf5+ 22. Bxf5 gxf5 23. Nd7+ Kg7 24. Nxb8 Nc2+ 25. Rxc2 1-0

[Event "34th European Club Cup 2018"]
[Site "Halkidiki"]
[Date "2018.10.18"]
[Round "7"]
[White "Prelati, Maurizio"]
[Black "Kenny, William"]
[Result "1-0"]
[WhiteElo "1889"]
[BlackElo "1787"]
[Annotator "NA"]
[PlyCount "121"]
[EventDate "2018.10.12"]
[EventType "team-tourn"]
[EventCountry "GRE"]
[SourceTitle "playchess.com"]
[Source "ChessBase"]
[SourceQuality "1"]
[WhiteTeam "Lazio ASD"]
[BlackTeam "St Benildus"]

1. e4 e6 2. d4 d5 3. e5 c5 4. c3 Nc6 5. Nf3 Qb6 6. a3 f6 7. b4 cxd4 8. cxd4 fxe5 9. dxe5 Nge7 10. Bd3 Qc7 11. Bb2 g6 12. O-O Bg7 13. Re1 O-O 14. Nbd2 Bd7 15. Rc1 Qb8 16. b5 Nd8 17. a4 Nf7 18. h4 Rc8 19. Rxc8+ Qxc8 20. Nb3 Qd8 21. h5 a6 22. Nc5 axb5 23. Nxd7 Qxd7 24. Bxb5 Nc6 25. hxg6 hxg6 26. Qd3 g5 27. Qg6 Qe7 28. Bc1 Nh8 29. Qh5 Qf7 30. Qxg5 Qg6 31. Qe3 Ne7 32. Qg5 Nc6 33. Bb2 Rf8 34. Qxg6 Nxg6 35. Bd3 Nge7 36. Ng5 Nd8 37. Ba3 Re8 38. Bb5 Nec6 39. Bd6 Bh6 40. Nf3 Nf7 41. Nd4 Nfd8 42. Bc7 Re7 43. Bd6 Re8 44. Rd1 Bf8 45. Bc7 Re7 46. Bb6 Bh6 47. Bc5 Re8 48. g3 Bf8 49. Bb6 Kf7 50. Rd3 Kg6 51. f4 Bb4 52. Bxd8 Rxd8 53. Nxe6 Re8 54. f5+ Kf7 55. Rxd5 Rxe6 56. fxe6+ Kxe6 57. Bxc6 bxc6 58. Rd6+ Bxd6 59. exd6 Kxd6 60. g4 c5 61. Kf2 1-0

[Event "34th European Club Cup 2018"]
[Site "Halkidiki"]
[Date "2018.10.18"]
[Round "7"]
[White "Dunne, Thomas Junior"]
[Black "Schmidt, Martin"]
[Result "1/2-1/2"]
[WhiteElo "1878"]
[BlackElo "2028"]
[Annotator "NA"]
[PlyCount "79"]
[EventDate "2018.10.12"]
[EventType "team-tourn"]
[EventCountry "GRE"]
[SourceTitle "playchess.com"]
[Source "ChessBase"]
[SourceQuality "1"]
[WhiteTeam "Ballinasloe"]
[BlackTeam "Dublin"]

1. e4 c6 2. d4 d5 3. Nc3 dxe4 4. Nxe4 Bf5 5. Ng3 Bg6 6. h4 h6 7. Nf3 Nd7 8. h5 Bh7 9. Bd3 Bxd3 10. Qxd3 e6 11. Bd2 Ngf6 12. O-O-O Be7 13. Kb1 O-O 14. Ne4 c5 15. Nxf6+ Nxf6 16. Be3 Qb6 17. g4 Nxg4 18. Rdg1 Nxe3 19. Qxe3 Kh8 20. Ne5 cxd4 21. Qg3 Bf6 22. Nd7 Qd8 23. Nxf8 Qxf8 24. Qd3 Qc5 25. Re1 Rd8 26. Re2 Rd5 27. Qf3 a5 28. Rd2 a4 29. Rd3 Qb5 30. Qd1 Qb4 31. Qd2 Qc5 32. Qd1 Rf5 33. Qe2 Qb6 34. Rhd1 Rb5 35. b3 Qa5 36. Qd2 Qc7 37. Qe2 Qc5 38. Rh1 Qa3 39. Rhd1 Qc5 40. Rh1 1/2-1/2

[Event "34th European Club Cup 2018"]
[Site "Halkidiki"]
[Date "2018.10.18"]
[Round "7"]
[White "Jadin, Yves"]
[Black "Roobol, Martin"]
[Result "0-1"]
[WhiteElo "1855"]
[BlackElo "2243"]
[Annotator "TA"]
[PlyCount "100"]
[EventDate "2018.10.12"]
[EventType "team-tourn"]
[EventCountry "GRE"]
[SourceTitle "playchess.com"]
[Source "ChessBase"]
[SourceQuality "1"]
[WhiteTeam "Dudelange"]
[BlackTeam "Leiden"]

1. d4 Nf6 2. Nf3 d6 3. Bf4 g6 4. c3 Bg7 5. e3 O-O 6. Be2 Nfd7 7. Na3 e5 8. dxe5 dxe5 9. Bg3 Nc6 10. O-O Qe7 11. Bb5 Nc5 12. Bxc6 bxc6 13. b4 Rd8 14. Qc1 Ne4 15. Qc2 Bf5 16. Qb2 c5 17. Nc4 Nxg3 18. hxg3 e4 19. Nh4 cxb4 20. Nxf5 gxf5 21. Qxb4 Qxb4 22. cxb4 Bxa1 23. Rxa1 Rd5 24. a4 Rad8 25. Ra2 Rd1+ 26. Kh2 Rc1 27. Nd2 Rd3 28. g4 fxg4 29. Nxe4 Kg7 30. Kg3 h5 31. Rb2 Kg6 32. Nc5 Rdd1 33. a5 Kg5 34. f4+ gxf3 35. Kxf3 Rf1+ 36. Ke4 Rb1 37. Rd2 Rxb4+ 38. Kd3 Rb5 39. Ne4+ Kg6 40. Ke2 Rff5 41. Rc2 Rxa5 42. Rxc7 Ra2+ 43. Kd3 Rd5+ 44. Kc3 Rd1 45. Rc6+ Kg7 46. Kb3 Rxg2 47. Ra6 Rd3+ 48. Kc4 Rxe3 49. Kd4 Re1 50. Nf6 Rg5 0-1

[Event "34th European Club Cup 2018"]
[Site "Halkidiki"]
[Date "2018.10.18"]
[Round "7"]
[White "Karavitaki, Evaggelia"]
[Black "Fejzullahu, Afrim"]
[Result "0-1"]
[WhiteElo "1828"]
[BlackElo "2247"]
[Annotator "TA"]
[PlyCount "198"]
[EventDate "2018.10.12"]
[EventType "team-tourn"]
[EventCountry "GRE"]
[SourceTitle "playchess.com"]
[Source "ChessBase"]
[SourceQuality "1"]
[WhiteTeam "Chania CA"]
[BlackTeam "Drejtesia"]

1. e4 e5 2. Nf3 Nc6 3. Bb5 Nf6 4. d3 d6 5. c3 Bd7 6. O-O Be7 7. Re1 a6 8. Ba4 b5 9. Bc2 O-O 10. Nbd2 Re8 11. Nf1 Bf8 12. Bg5 h6 13. Bxf6 Qxf6 14. Ne3 g6 15. Nd5 Qd8 16. a4 Rb8 17. Qd2 Bg7 18. axb5 axb5 19. h3 Ne7 20. Nxe7+ Qxe7 21. Ra7 Bc6 22. Bb3 Ra8 23. Rea1 Rxa7 24. Rxa7 Ra8 25. Rxa8+ Bxa8 26. Qc1 Bc6 27. Qa1 Bd7 28. Qa7 c6 29. Kf1 Bf8 30. Qc7 Kg7 31. Ke2 f5 32. Kf1 fxe4 33. dxe4 Be8 34. Qxe7+ Bxe7 35. Ke2 Bd8 36. Bc2 Bf7 37. Bd3 Kf6 38. Ne1 Ke6 39. Nc2 Bg5 40. Ne3 Kd7 41. g3 h5 42. h4 Bh6 43. b4 Kc7 44. Kf3 Be6 45. Ke2 Kb6 46. f3 Bf8 47. Kd2 Be7 48. Ke2 g5 49. hxg5 Bxg5 50. Kf2 h4 51. gxh4 Bxh4+ 52. Ke2 Bg5 53. Kf2 Kc7 54. Ke2 Kd7 55. Nf5 Bxf5 56. exf5 d5 57. Bc2 Bf6 58. Kd2 Ke7 59. Bd3 Kf7 60. Bf1 Kg7 61. Ke3 Kh6 62. Bd3 Kg5 63. Bc2 Kh4 64. Kf2 Kg5 65. Ke3 Bd8 66. Bb1 Kh4 67. Kf2 Bb6+ 68. Ke2 Kg5 69. Bc2 Bc7 70. Ke3 Bd6 71. Bd3 Bf8 72. Ke2 Kf4 73. Bc2 Bh6 74. Bb1 Bg5 75. Bc2 Bf6 76. Bb1 e4 77. fxe4 dxe4 78. Ba2 Bxc3 79. Be6 Ke5 80. Bd7 Kd5 81. Be6+ Kd6 82. Ke3 Bxb4 83. Kxe4 Bc3 84. Kd3 Bf6 85. Kc2 c5 86. Kd3 Kc6 87. Bf7 Kb6 88. Be6 Ka5 89. Bf7 Kb4 90. Bd5 c4+ 91. Kc2 Kc5 92. Bf3 b4 93. Be2 b3+ 94. Kb1 Kb4 95. Bd1 c3 96. Kc1 Bg5+ 97. Kb1 Ka3 98. f6 Bxf6 99. Kc1 Ka2 0-1

[Event "34th European Club Cup 2018"]
[Site "Halkidiki"]
[Date "2018.10.18"]
[Round "7"]
[White "Higgins, Kenneth"]
[Black "Artola Pola, Gerardo"]
[Result "1/2-1/2"]
[WhiteElo "1823"]
[BlackElo "1988"]
[Annotator "NA"]
[PlyCount "60"]
[EventDate "2018.10.12"]
[EventType "team-tourn"]
[EventCountry "GRE"]
[SourceTitle "playchess.com"]
[Source "ChessBase"]
[SourceQuality "1"]
[WhiteTeam "Ballinasloe"]
[BlackTeam "Dublin"]

1. b3 g6 2. Bb2 Nf6 3. Nc3 Bg7 4. Nd5 O-O 5. Nxf6+ exf6 6. Nf3 d6 7. g3 Nc6 8. Bg2 Rb8 9. d3 Re8 10. Qd2 a5 11. a3 b6 12. Nd4 Ne7 13. Nc6 Nxc6 14. Bxc6 Bd7 15. Qc3 Re5 16. Bg2 Qe8 17. Qd2 Re7 18. e4 f5 19. Bxg7 Kxg7 20. O-O Kg8 21. Rfe1 fxe4 22. Rxe4 Rxe4 23. Bxe4 Qe5 24. Re1 Re8 25. d4 Qf6 26. Re3 Kg7 27. Kg2 h6 28. Bf3 Rxe3 29. Qxe3 Bf5 30. Be4 Bxe4+ 1/2-1/2

[Event "34th European Club Cup 2018"]
[Site "Halkidiki"]
[Date "2018.10.18"]
[Round "7"]
[White "Krasniqi, Avni"]
[Black "Van Diermen, Arie"]
[Result "1-0"]
[WhiteElo "1821"]
[BlackElo "1931"]
[Annotator "NA"]
[PlyCount "99"]
[EventDate "2018.10.12"]
[EventType "team-tourn"]
[EventCountry "GRE"]
[SourceTitle "playchess.com"]
[Source "ChessBase"]
[SourceQuality "1"]
[WhiteTeam "Dardania"]
[BlackTeam "En Passant"]

1. e4 d6 2. Nf3 Nf6 3. Nc3 g6 4. d4 Bg7 5. Bc4 O-O 6. Bg5 Nxe4 7. Nxe4 d5 8. Bd3 dxe4 9. Bxe4 c5 10. Be3 Nc6 11. c3 cxd4 12. cxd4 Bg4 13. Bxc6 bxc6 14. O-O Qa5 15. h3 Be6 16. a3 Rfd8 17. Qc2 Rac8 18. Rfd1 Qh5 19. Nh2 Bd5 20. Qa4 Rd7 21. Qa6 Rcd8 22. Rd2 f5 23. Nf1 g5 24. f3 Qg6 25. Qe2 h6 26. Bf2 f4 27. Nh2 h5 28. Re1 Bf6 29. b4 Qg7 30. Red1 Qf7 31. Qe1 Bb3 32. Rc1 Rd6 33. Qe4 Bd5 34. Qe1 Qg7 35. Nf1 Bf7 36. d5 Bxd5 37. Bxa7 Ra8 38. Bc5 Re6 39. Qf2 Rxa3 40. b5 Rc3 41. Rcd1 Bb3 42. b6 Bxd1 43. Rxd1 Rb3 44. Qa2 Rb2 45. Qxe6+ Kh7 46. Qf5+ Kh6 47. Rb1 Bd4+ 48. Bxd4 Qxd4+ 49. Kh2 Rxb1 50. Qxb1 1-0

[Event "34th European Club Cup 2018"]
[Site "Halkidiki"]
[Date "2018.10.18"]
[Round "7"]
[White "Pelantakis, Mihail"]
[Black "Nordenbaek, Jan"]
[Result "0-1"]
[WhiteElo "1782"]
[BlackElo "2173"]
[Annotator "TA"]
[PlyCount "92"]
[EventDate "2018.10.12"]
[EventType "team-tourn"]
[EventCountry "GRE"]
[SourceTitle "playchess.com"]
[Source "ChessBase"]
[SourceQuality "1"]
[WhiteTeam "Chania CC"]
[BlackTeam "Hillerod"]

1. d4 d5 2. c4 e6 3. Nc3 c6 4. cxd5 exd5 5. Bf4 Bd6 6. Bxd6 Qxd6 7. e3 Nf6 8. Bd3 O-O 9. Nge2 Re8 10. Qc2 Nbd7 11. h3 Nf8 12. O-O-O b6 13. g4 Be6 14. Ng3 a6 15. Nf5 Bxf5 16. gxf5 c5 17. dxc5 Qxc5 18. Kb1 N8d7 19. Rhg1 Ne5 20. Rg3 Kh8 21. Be2 Red8 22. Rdg1 Rg8 23. Rd1 Qa5 24. Qa4 Qxa4 25. Nxa4 b5 26. Nc5 Ra7 27. Rd4 Nc6 28. Rd1 Rd8 29. Nb3 Re7 30. Nd4 Nxd4 31. Rxd4 Re4 32. Rxe4 dxe4 33. Kc2 Rd5 34. f3 Rxf5 35. fxe4 Nxe4 36. Rf3 Rc5+ 37. Kd3 f5 38. Kd4 g6 39. Bd3 Rc8 40. Bxe4 Rc4+ 41. Kd5 Rxe4 42. Kc5 Kg7 43. Kb6 Ra4 44. a3 Kf6 45. h4 Ke5 46. Rh3 b4 0-1

[Event "34th European Club Cup 2018"]
[Site "Halkidiki"]
[Date "2018.10.18"]
[Round "7"]
[White "Burke, Kevin A."]
[Black "Buonanno, Massimo"]
[Result "1/2-1/2"]
[WhiteElo "1768"]
[BlackElo "1911"]
[Annotator "NA"]
[PlyCount "65"]
[EventDate "2018.10.12"]
[EventType "team-tourn"]
[EventCountry "GRE"]
[SourceTitle "playchess.com"]
[Source "ChessBase"]
[SourceQuality "1"]
[WhiteTeam "St Benildus"]
[BlackTeam "Lazio ASD"]

1. e4 e5 2. f4 d5 3. exd5 e4 4. d3 Qxd5 5. Nc3 Bb4 6. Bd2 Bxc3 7. Bxc3 Nf6 8. Bxf6 gxf6 9. dxe4 Qxe4+ 10. Qe2 Bf5 11. O-O-O Nd7 12. Re1 Qxe2 13. Nxe2 O-O-O 14. Nd4 Bg6 15. f5 Ne5 16. fxg6 Rxd4 17. gxh7 Rxh7 18. Be2 Rdh4 19. h3 f5 20. Rhf1 f4 21. Rf2 Rg7 22. Bf1 f6 23. Re4 Ng6 24. Re6 f5 25. Rf6 Rh5 26. Bc4 Nh4 27. Rxf4 Nxg2 28. Be6+ Kd8 29. R4xf5 Rxh3 30. Bd5 Ne3 31. Re5 Nxd5 32. Rxd5+ Ke7 33. Rf2 1/2-1/2

[Event "34th European Club Cup 2018"]
[Site "Halkidiki"]
[Date "2018.10.18"]
[Round "7"]
[White "Fyntrilakis, Kyriakos"]
[Black "Nilsson, Lars Kjoller"]
[Result "1-0"]
[WhiteElo "1746"]
[BlackElo "1948"]
[Annotator "NA"]
[PlyCount "91"]
[EventDate "2018.10.12"]
[EventType "team-tourn"]
[EventCountry "GRE"]
[SourceTitle "playchess.com"]
[Source "ChessBase"]
[SourceQuality "1"]
[WhiteTeam "Chania CC"]
[BlackTeam "Hillerod"]

1. e4 c5 2. Nf3 e6 3. c4 Nc6 4. Be2 Qc7 5. O-O Nf6 6. Nc3 d6 7. d4 cxd4 8. Nxd4 a6 9. Be3 Be7 10. Qd2 O-O 11. Rac1 Bd7 12. Rfd1 Rac8 13. f3 Ne5 14. Bf1 Nxc4 15. Bxc4 Qxc4 16. Nd5 exd5 17. Rxc4 dxc4 18. Ne2 Be6 19. Qb4 b5 20. Qa5 d5 21. Nf4 Ra8 22. exd5 Rfd8 23. Bb6 Rd7 24. Qe1 Bf5 25. Qe5 Bc2 26. Re1 Bb4 27. Rc1 Re8 28. Qd4 Bf5 29. g4 Be6 30. a3 Bf8 31. Re1 Nxd5 32. Nxd5 Red8 33. Bxd8 Rxd5 34. Qxd5 Bxd5 35. Bb6 f6 36. Kf2 Kf7 37. Ke3 Bd6 38. Rd1 Ke6 39. f4 Bb8 40. Bd4 Bc7 41. h4 g6 42. Bxf6 Bc6 43. Bd8 Bd6 44. f5+ gxf5 45. gxf5+ Ke5 46. Bf6+ 1-0

[Event "34th European Club Cup 2018"]
[Site "Halkidiki"]
[Date "2018.10.18"]
[Round "7"]
[White "Lalouette, Herve"]
[Black "Zilles, Paul"]
[Result "1/2-1/2"]
[WhiteElo "1681"]
[BlackElo "1771"]
[Annotator "NA"]
[PlyCount "111"]
[EventDate "2018.10.12"]
[EventType "team-tourn"]
[EventCountry "GRE"]
[SourceTitle "playchess.com"]
[Source "ChessBase"]
[SourceQuality "1"]
[WhiteTeam "Bois-Colombes"]
[BlackTeam "Wirtzfeld"]

1. e4 d5 2. exd5 Qxd5 3. Nc3 Qa5 4. d4 c6 5. Nf3 Bf5 6. Bc4 Nf6 7. O-O e6 8. Bd2 Qc7 9. Re1 Bd6 10. a4 O-O 11. h3 Nbd7 12. Nh4 Bg6 13. Nxg6 hxg6 14. Ne4 Nb6 15. Bb3 Nbd5 16. Nxd6 Qxd6 17. Qf3 Ne7 18. c3 c5 19. Be3 cxd4 20. Bxd4 Qc6 21. Qe2 Nf5 22. Be3 Nxe3 23. Qxe3 Rfd8 24. Rad1 a5 25. Rxd8+ Rxd8 26. Rd1 Rxd1+ 27. Bxd1 b6 28. Be2 Qe4 29. Qxe4 Nxe4 30. f3 Nc5 31. Bb5 Kf8 32. Kf2 Ke7 33. Ke3 e5 34. f4 exf4+ 35. Kxf4 f6 36. h4 Kd6 37. b4 Nb3 38. Be8 Nc1 39. Ke3 axb4 40. cxb4 Na2 41. a5 Nxb4 42. axb6 Nd5+ 43. Kf3 Nxb6 44. Bxg6 Nc4 45. Kf4 Ne5 46. Kf5 Nc6 47. Kf4 Nd4 48. g4 Ke6 49. Bd3 Ke7 50. g5 fxg5+ 51. Kxg5 Nf3+ 52. Kg6 Kf8 53. h5 Ne5+ 54. Kg5 Nxd3 55. h6 gxh6+ 56. Kxh6 1/2-1/2

[Event "34th European Club Cup 2018"]
[Site "Halkidiki"]
[Date "2018.10.18"]
[Round "7"]
[White "Dunne, John P."]
[Black "Egan, Colm"]
[Result "1-0"]
[WhiteElo "1481"]
[BlackElo "1729"]
[Annotator "NA"]
[PlyCount "34"]
[EventDate "2018.10.12"]
[EventType "team-tourn"]
[EventCountry "GRE"]
[SourceTitle "playchess.com"]
[Source "ChessBase"]
[SourceQuality "1"]
[WhiteTeam "Ballinasloe"]
[BlackTeam "Dublin"]

1. d4 e6 2. Bf4 c5 3. e3 Nf6 4. c3 cxd4 5. exd4 b6 6. Nd2 Bb7 7. Ngf3 Be7 8. Bd3 d6 9. Qc2 Na6 10. Qa4+ Qd7 11. Bb5 Nc7 12. Bxd7+ Nxd7 13. Qb3 a5 14. O-O a4 15. Qc2 h6 16. Nc4 Nb5 17. Qe2 Nc7 1-0